000
00275nam a2200109Ia 4500
008
200302s9999 xx 000 0 und d
100
_a
Francois Penz
245
_a
Computers Architecture Tools for Design
260
_b
Longman Group UK Ltd.
260
_c
1992
300
_a
152 P.,
999
_c
5180
_d
5180